[Event "XXIII Krakow Open"]
[Site "Krakow POL"]
[Date "2012.12.28"]
[Round "2.12"]
[White "Mucha,Mag"]
[Black "Sieciechowicz,M"]
[Result "0-1"]
[WhiteElo "1922"]
[BlackElo "2443"]

1.e4 c5 2.Nf3 d6 3.d4 cxd4 4.Nxd4 Nf6 5.Nc3 a6 6.Be3 e5 7.Nde2 Be6 8.f4 Nbd7
9.f5 Bc4 10.Ng3 Rc8 11.Bxc4 Rxc4 12.Qe2 Qc7 13.Rd1 Be7 14.Rd2 h6 15.O-O O-O
16.h3 Rc8 17.Bf2 b5 18.a3 Qb7 19.Re1 b4 20.axb4 Qxb4 21.Nd1 Nxe4 22.Nxe4 Rxe4
23.Qxe4 Qxd2 24.c3 d5 25.Qe3 Qc2 26.Qa7 Qxf5 27.Qxa6 Nc5 28.Rxe5 Nxa6 29.Rxf5 Rd8
30.Bd4 g6 31.Rf1 Nc5 32.Ne3 Ne6 33.Rd1 Kf8 34.Kf1 Rb8 35.b4 Rb5 36.Ke2 Ke8
37.Be5 f6 38.Bd4 h5 39.Nc2 Ng5 40.Ra1 Ne6 41.Be3 Rb7 42.Kd3 Kd7 43.Ra5 Nc7
44.Nd4 Bd6 45.Ne2 g5 46.Nd4 Be5 47.Nb3 Rb8 48.Nc5+ Kc6 49.Nb3 g4 50.hxg4 hxg4
51.Ra2 Rh8 52.Bd4 Rh2 53.Re2 Kd6 54.Bc5+ Ke6 55.Nd4+ Kf7 56.Nc6 Ne6 57.Be3 Rh1
58.Rb2 Rd1+ 59.Kc2 Re1 60.Ba7 Re2+ 61.Kb3 Rxb2+ 62.Kxb2 f5 63.Be3 Bd6 64.Kc2 f4
65.Bg1 Ng5 66.Nd4 Kf6 67.Kd3 Nf7 68.Nb5 Bb8 69.Kd4 Ke6 70.Kd3 Ne5+ 71.Ke2 Kf5
72.Nd4+ Ke4 73.Nb3 f3+ 74.gxf3+ gxf3+ 75.Kd2 Nc4+ 76.Kc2 Kf4 77.Kd3 Kg3 78.Nd2 Nxd2
79.Kxd2 Kg2 80.Bc5 Be5 81.b5 d4 82.Bxd4 Bxd4 83.cxd4 f2  0-1

[Event "XXIII Krakow Open"]
[Site "Krakow POL"]
[Date "2012.12.28"]
[Round "2.23"]
[White "Hirneise,J"]
[Black "Lach,A"]
[Result "1/2-1/2"]
[WhiteElo "2327"]
[BlackElo "2176"]

1.e4 c5 2.Nf3 d6 3.d4 cxd4 4.Nxd4 Nf6 5.Nc3 a6 6.Be3 e5 7.Nb3 Be7 8.h3 Be6
9.f4 exf4 10.Bxf4 Nc6 11.Qe2 Ne5 12.O-O-O Qc7 13.Qe3 Rc8 14.Nd4 O-O 15.g4 b5
16.a3 Qb7 17.Nf5 Bxf5 18.gxf5 b4 19.axb4 Qxb4 20.Rd4 Qb7 21.Ra4 Rb8 22.b3 Bd8
23.Qd2 Nh5 24.Be3 Ng3 25.Rg1 Nxf1 26.Rxf1 Rc8 27.Kd1 Qc6 28.Bd4 Re8 29.f6 Bxf6
30.Nd5  1/2-1/2

[Event "Ptuj Open 2012"]
[Site "Ptuj SLO"]
[Date "2012.12.28"]
[Round "8.10"]
[White "Nikolic,Stank"]
[Black "Selisek,Leon"]
[Result "1-0"]
[WhiteElo "1907"]
[BlackElo "1581"]

1.e4 c5 2.Nf3 d6 3.d4 cxd4 4.Nxd4 Nf6 5.Nc3 a6 6.Be3 b5 7.a3 g6 8.Be2 Bg7
9.O-O O-O 10.Qd2 Ng4 11.Bxg4 Bxg4 12.h3 Bd7 13.Bh6 Nc6 14.Bxg7 Kxg7 15.Nxc6 Bxc6
16.f4 Qb6+ 17.Kh2 Rad8 18.f5 Qb7 19.Rae1 f6 20.h4 Qb6 21.b4 Rd7 22.Nd1 Qb7
23.Nf2 d5 24.Ng4 Qb8+ 25.Kh3 Rh8 26.Qh6+ Kf7 27.e5 Rc7 28.exf6 Ba8 29.Qg7+  1-0

[Event "XXIII Krakow Open"]
[Site "Krakow POL"]
[Date "2012.12.29"]
[Round "3.17"]
[White "Wisniowska,K"]
[Black "Krzyzanowski,M"]
[Result "0-1"]
[WhiteElo "2188"]
[BlackElo "2352"]

1.e4 c5 2.Nf3 d6 3.d4 cxd4 4.Nxd4 Nf6 5.Nc3 a6 6.Be3 e5 7.Nb3 Be7 8.Be2 Be6
9.Nd5 Nbd7 10.Qd3 Bxd5 11.exd5 O-O 12.O-O Rc8 13.c4 a5 14.Rad1 b6 15.Nd2 Nc5
16.Qb1 Nfd7 17.Bg4 g6 18.Bxd7 Qxd7 19.b4 axb4 20.Qxb4 Qa7 21.Rb1 Rb8 22.a4 f5
23.f3 Rfc8 24.Kh1 Bd8 25.Ra1 h5 26.Qb5 Kf7 27.Bf2 Bg5 28.Nb3 Qc7 29.Rfb1 Nd3
30.Bg1 h4 31.a5 bxa5 32.Qxa5 Qxa5 33.Nxa5 Rxb1 34.Rxb1 e4 35.fxe4 fxe4 36.Rb7+ Kg8
37.Nc6 e3 38.Bxe3 Re8 39.Bg1 Re1 40.g4 h3  0-1

[Event "28th Post Open"]
[Site "Duesseldorf GER"]
[Date "2012.12.30"]
[Round "7.4"]
[White "Coenen,M"]
[Black "Sponheim,M"]
[Result "1-0"]
[WhiteElo "2308"]
[BlackElo "2090"]

1.e4 c5 2.Nf3 d6 3.d4 cxd4 4.Nxd4 Nf6 5.Nc3 a6 6.Be3 e5 7.Nb3 Be6 8.Qd2 Nbd7
9.f3 h5 10.Qf2 b5 11.O-O-O Rb8 12.Be2 Qc7 13.Kb1 Nb6 14.Bxb6 Qxb6 15.Qxb6 Rxb6
16.g3 Be7 17.h3 O-O 18.g4 hxg4 19.hxg4 g6 20.Nc1 Kg7 21.Nd3 b4 22.Na4 Rb7
23.b3 Bd7 24.Ndb2 Bb5 25.c4 bxc3 26.Nxc3 Bxe2 27.Nxe2 Rc8 28.Rd3 Nd7 29.Rc1 Rxc1+
30.Kxc1 Rc7+ 31.Kb1 Nc5 32.Rd1 Kf6 33.Nc4 Ke6 34.Nc3 Nb7 35.Nd5 Rc8 36.Ncb6 Rc6
37.Rh1 Bd8 38.Nc4 a5 39.Rh8 Rc5 40.Ncb6 Rc6 41.Re8+  1-0

[Event "XXIII Krakow Open"]
[Site "Krakow POL"]
[Date "2012.12.30"]
[Round "5.24"]
[White "Aliavdin,N"]
[Black "Szwarc,P"]
[Result "0-1"]
[WhiteElo "2371"]
[BlackElo "2094"]

1.e4 c5 2.Nf3 d6 3.d4 cxd4 4.Nxd4 Nf6 5.Nc3 a6 6.Be3 e5 7.Nb3 Be6 8.f3 Nbd7
9.Qd2 b5 10.g4 Nb6 11.g5 Nh5 12.Nd5 Bxd5 13.exd5 Be7 14.Na5 Nf4 15.Nc6 Qc7
16.Nxe7 Kxe7 17.Bxf4 exf4 18.O-O-O Rhc8 19.Bh3 Nxd5 20.Bxc8 Rxc8 21.Kb1 Ne3
22.Rc1 Qb7 23.Qd3 Qxf3 24.Rhf1 Nxf1 25.Rxf1 Qxd3 26.cxd3  0-1

[Event "XXIII Krakow Open"]
[Site "Krakow POL"]
[Date "2013.01.02"]
[Round "7.24"]
[White "Aliavdin,N"]
[Black "Nowicki,B"]
[Result "1-0"]
[WhiteElo "2371"]
[BlackElo "2142"]

1.e4 c5 2.Nf3 d6 3.d4 cxd4 4.Nxd4 Nf6 5.Nc3 a6 6.Be3 e5 7.Nb3 Be6 8.f3 h5
9.Qd2 Nbd7 10.Nd5 Bxd5 11.exd5 Rc8 12.c4 g6 13.Be2 Bg7 14.Rc1 b6 15.O-O a5
16.Na1 e4 17.f4 Ng4 18.Bd4 Kf8 19.Rc3 f5 20.Nc2 Nc5 21.h3 Bxd4+ 22.Nxd4 Qh4
23.Ne6+ Nxe6 24.dxe6 Ke7 25.hxg4 hxg4 26.Qe3 Qh2+ 27.Kf2 Rh3 28.Qxb6 Rc5
29.Qb3 Rxc3 30.Qxc3 Qxf4+ 31.Ke1 Qh6 32.g3 Kxe6 33.b3 Re5 34.Kd1 e3 35.Qd4 Qh2
36.Qa7 Qh8 37.Kc2 Rc5 38.Qb7 Qh2 39.Kd3 Qxg3 40.Qg7 Qe5 41.Qxg6+ Kd7 42.Qxf5+ Kc7
43.Qxe5 Rxe5 44.Bxg4 Kc6 45.Re1 Kc5 46.Rxe3 Rxe3+ 47.Kxe3 Kb4 48.Kd4  1-0

[Event "Australian Open 2013"]
[Site "Cammeray AUS"]
[Date "2013.01.04"]
[Round "3.27"]
[White "Mallari,Donato"]
[Black "Rachmadi,H"]
[Result "1-0"]
[WhiteElo "1981"]
[BlackElo "1839"]

1.e4 c5 2.Nc3 d6 3.Nf3 Nf6 4.d4 cxd4 5.Nxd4 a6 6.Be3 e6 7.g4 Nfd7 8.Qd2 b5
9.a3 Nb6 10.g5 Bb7 11.O-O-O N8d7 12.f4 Qc7 13.f5 Nc5 14.fxe6 Nxe4 15.exf7+ Qxf7
16.Nxe4 Bxe4 17.Rg1 Qa2 18.Nb3 Rc8 19.Bxb6 Qxb3 20.Bd3 Qa2 21.Qe3 d5 22.Bxe4 dxe4
23.Qxe4+ Be7 24.c3 O-O 25.Qxe7 Rce8 26.Qd7 Qa1+ 27.Kc2 Re2+ 28.Rd2 Re1 29.Qd5+ Kh8
30.Qd6 Qb1+ 31.Kb3 Kg8 32.Bc5 Rfe8 33.Re2 Rxg1 34.Rxe8+ Kf7 35.Qe6+  1-0

[Event "XXIII Krakow Open"]
[Site "Krakow POL"]
[Date "2013.01.04"]
[Round "9.17"]
[White "Aliavdin,N"]
[Black "Gajek,R"]
[Result "1-0"]
[WhiteElo "2371"]
[BlackElo "2272"]

1.e4 c5 2.Nf3 d6 3.d4 cxd4 4.Nxd4 Nf6 5.Nc3 a6 6.Be3 e6 7.f3 b5 8.g4 h6 9.a3 Nbd7
10.h4 Ne5 11.Rg1 Nfd7 12.f4 Nc4 13.Bxc4 bxc4 14.g5 Nc5 15.f5 hxg5 16.hxg5 Bb7
17.Qg4 e5 18.Nde2 Qb6 19.Qg3 Rb8 20.Rb1 Qc6 21.Bxc5 Qxc5 22.b4 cxb3 23.Rxb3 Be7
24.Kd2 Rh5 25.f6 gxf6 26.gxf6 Bf8 27.Qg8 Qc7 28.Rgb1 Rh2 29.Qg1 Rh3 30.Kd1 Kd8
31.Qa7 Rh1+ 32.Ng1 Kc8 33.Nd5 Qc6 34.Rc3  1-0

[Event "25th Staufer Open"]
[Site "Schwaebisch Gmuend GER"]
[Date "2013.01.04"]
[Round "6.9"]
[White "Minor,S"]
[Black "Bracker,F"]
[Result "1/2-1/2"]
[WhiteElo "2223"]
[BlackElo "2376"]

1.e4 c5 2.Nf3 d6 3.d4 cxd4 4.Nxd4 Nf6 5.Nc3 a6 6.Be3 e5 7.Nf3 Be7 8.Bc4 O-O
9.O-O Qc7 10.Bb3 Be6 11.Qe2 Rc8 12.Rfd1 Nbd7 13.Rac1 b5 14.Bg5 Bc4 15.Bxc4 Qxc4
16.Qxc4 bxc4 17.Bxf6 Nxf6 18.b3 Rc5 19.Nd2 cxb3 20.cxb3 Rac8 21.Nc4 Kf8 22.Rd3 R5c6
23.Rcd1 Nd7 24.Na4 Nf6 25.f3 Ne8 26.Nab6 Rd8 27.Nd5 Rb8 28.Kf2 Bd8 29.Ke2 g6
30.Nde3 Bc7 31.Nd5 Bd8 32.a3 a5 33.a4 Ng7 34.Nde3 Bc7 35.Nxd6 Ne6 36.Nb5 Nf4+
37.Kd2 Nxd3 38.Kxd3 Bb6 39.Nd5 Rbc8 40.Na3 Bd4 41.Nc4 Ra8 42.f4 f6 43.Rf1 Kg7
44.f5 g5 45.Ne7 Rc7 46.Nd5 Rb7 47.Rb1 Bc5 48.Rb2 h5 49.Rb1 Bb4 50.Rc1 Rab8
51.Rb1 g4 52.Kc2 Rd8 53.Rd1 Rbd7 54.Ncb6 Rd6 55.Nc4 Rc6 56.Rd3 Rcc8 57.Kb2 Kh6
58.Ncb6 Rb8 59.Nc4 Kg5 60.Kc2 Rd7 61.Kd1 Rbb7 62.Kc2 h4 63.Kd1 Rb8 64.Kc2 Rh7
65.Rd1 h3 66.g3  1/2-1/2

[Event "Giri Stilwerk Vienna Simul"]
[Site "Vienna AUT"]
[Date "2013.01.04"]
[Round "1.2"]
[White "Giri,A"]
[Black "Mesaros,Florian"]
[Result "1/2-1/2"]
[WhiteElo "2720"]
[BlackElo "2045"]

1.e4 c5 2.Nf3 d6 3.d4 cxd4 4.Nxd4 Nf6 5.Nc3 a6 6.Be3 e5 7.Nf3 Be6 8.Ng5 Bg4
9.Be2 Bxe2 10.Qxe2 Be7 11.O-O O-O 12.a4 Nbd7 13.Rfd1 Rc8 14.h3 h6 15.Nf3 Qc7
16.a5 Qc4 17.Qd3 Rfd8 18.Ra4 Qxd3 19.Rxd3 Nc5 20.Bxc5 Rxc5 21.Nd2 Rdc8 22.Kf1 Kf8
23.g3 Ke8 24.Ke2 Bf8 25.Nf1 Ke7 26.Ne3 Ke6 27.f4 g6 28.Kf3 h5 29.Rb4 R8c7
30.f5+ gxf5 31.exf5+ Kd7 32.Ne4 Nxe4 33.Kxe4 Bh6 34.Rb6 Rc4+ 35.Nxc4 Rxc4+
36.Kd5 Rc5+ 37.Ke4 Rc4+ 38.Kd5  1/2-1/2

[Event "11th Parsvnath Open"]
[Site "New Delhi IND"]
[Date "2013.01.05"]
[Round "1.36"]
[White "Pratyusha,B"]
[Black "Udeshi,A"]
[Result "0-1"]
[WhiteElo "2128"]
[BlackElo "2403"]

1.e4 c5 2.Nf3 d6 3.d4 cxd4 4.Nxd4 Nf6 5.Nc3 a6 6.Be3 e5 7.Nb3 Be7 8.h3 O-O
9.g4 Be6 10.g5 Nfd7 11.h4 Nc6 12.Nd5 a5 13.a4 Nb4 14.c3 Nxd5 15.exd5 Bf5
16.Qf3 Bc2 17.Nd2 f5 18.Rc1 Bxa4 19.b3 f4 20.Qh5 fxe3 21.fxe3 g6 22.Qg4 Qb6
23.Nc4 Qxb3 24.h5 Qa2 25.Qe6+ Rf7 26.Nd2 Nc5 27.Qh3 Bd7 28.Qh4 Rxf1+  0-1

[Event "11th Parsvnath Open"]
[Site "New Delhi IND"]
[Date "2013.01.05"]
[Round "1.48"]
[White "Madhurima,S"]
[Black "Suvrajit,S"]
[Result "1/2-1/2"]
[WhiteElo "1951"]
[BlackElo "2336"]

1.e4 c5 2.Nf3 d6 3.d4 cxd4 4.Nxd4 Nf6 5.Nc3 a6 6.Be3 e5 7.Nf3 Be7 8.Bc4 O-O
9.O-O Be6 10.Bb3 Nc6 11.Bg5 Nd7 12.Bxe7 Qxe7 13.Nd5 Qd8 14.Re1 Nc5 15.c3 Nxb3
16.Qxb3 Na5 17.Qd1 Rc8 18.Rc1 b5 19.h3 Kh8 20.Nh2 Nc4 21.b3 Nb6 22.Nxb6 Qxb6
23.Ng4 Rfd8 24.Ne3 Qc6 25.Qf3 d5 26.exd5 Bxd5 27.Nxd5 Rxd5 28.Qxf7 Qd6 29.Qf3 Rf8
30.Qe3 h6 31.Re2  1/2-1/2

[Event "11th Parsvnath Open"]
[Site "New Delhi IND"]
[Date "2013.01.06"]
[Round "3.8"]
[White "Udeshi,A"]
[Black "Lu Shanglei"]
[Result "0-1"]
[WhiteElo "2403"]
[BlackElo "2526"]

1.e4 c5 2.Nf3 d6 3.d4 cxd4 4.Nxd4 Nf6 5.Nc3 a6 6.Be3 Ng4 7.Bg5 h6 8.Bh4 g5
9.Bg3 Bg7 10.Be2 h5 11.Bxg4 Bxg4 12.f3 Be6 13.Qd2 Qa5 14.Bf2 Nc6 15.O-O Bxd4
16.Bxd4 f6 17.Rfd1 Nxd4 18.Qxd4 Rc8 19.Qe3 Kf7 20.Rd2 Qe5 21.Nd1 Rhd8 22.c3 d5
23.exd5 Rxd5 24.Rxd5 Qxd5 25.Nf2 Qc5 26.Qe4 f5 27.Qe2 Rd8 28.Kh1 Bc4 29.Qc2 e6
30.b3 Bb5 31.Re1 Qd6 32.Rd1  0-1

[Event "11th Parsvnath Open"]
[Site "New Delhi IND"]
[Date "2013.01.06"]
[Round "3.30"]
[White "Sharma,Di"]
[Black "Dahale,A"]
[Result "1-0"]
[WhiteElo "2392"]
[BlackElo "2123"]

1.e4 c5 2.Nf3 d6 3.d4 cxd4 4.Nxd4 Nf6 5.Nc3 a6 6.Be3 e5 7.Nf3 Be7 8.Bc4 O-O
9.O-O Be6 10.Bxe6 fxe6 11.Na4 Ng4 12.Qd3 Nxe3 13.Qxe3 b5 14.Nb6 Rxf3 15.gxf3 Bg5
16.Qb3 Qxb6 17.Qxe6+ Kf8 18.Rad1 Be7 19.f4 Nc6 20.fxe5 Nxe5 21.Kh1 Qb7 22.f3 Rd8
23.Rf2 Qc8 24.Qxc8 Rxc8 25.f4 Ng4 26.Re2 Rc4 27.Kg2 Ke8 28.Kf3 Nf6 29.c3 Nd7
30.Rd4 Rc5 31.Rg2 g6 32.Re2 Rh5 33.Kg2 Rc5 34.Kg3 Nb6 35.Kf3 Rh5 36.Kg4 Rh4+
37.Kg3 Rh5 38.Rd3 Rc5 39.Kg2 Nd7 40.Rd4 Nb6 41.Kf3 Kf7 42.Rd1 Ke6 43.Kg4 Rc4
44.Rd3 Kf6 45.e5+ dxe5 46.Rxe5 Rc6 47.Rde3 Bc5 48.Re2 Nc4 49.Re8 Kf7 50.Rd8 h5+
51.Kf3 Kf6 52.Rd5 Nd6 53.Red2 Nf5 54.Re5 Bd6 55.Red5 Ke6 56.R5d3 Rc4 57.Re2+ Kf6  1-0

[Event "11th Parsvnath Open"]
[Site "New Delhi IND"]
[Date "2013.01.06"]
[Round "3.40"]
[White "Divyasri,C"]
[Black "Jayakumar,A"]
[Result "1-0"]
[WhiteElo "2167"]
[BlackElo "2280"]

1.e4 c5 2.Nf3 d6 3.d4 cxd4 4.Nxd4 Nf6 5.Nc3 a6 6.Be3 e6 7.g4 e5 8.Nf5 g6
9.g5 gxf5 10.exf5 d5 11.Qf3 Ne4 12.Nxe4 dxe4 13.Qxe4 Nc6 14.Bc4 Qd7 15.g6 Qxf5
16.gxf7+ Ke7 17.Bc5+ Kf6 18.Qh4+ Qg5 19.Qxg5+ Kxg5 20.Rg1+ Bg4 21.Bxf8 Raxf8
22.h3 h5 23.hxg4 h4 24.O-O-O b5 25.Bb3 Nd4 26.f4+ Kg6 27.fxe5 Ne2+ 28.Kd2 Nxg1
29.Rxg1 Rc8 30.e6 Rc7 31.Rh1 Kg5  1-0

[Event "18th Bosnjaci Open"]
[Site "Bosnjaci CRO"]
[Date "2013.01.07"]
[Round "7.7"]
[White "Sulc,Da"]
[Black "Zufic,M"]
[Result "0-1"]
[WhiteElo "2248"]
[BlackElo "2439"]

1.e4 c5 2.Nf3 d6 3.d4 cxd4 4.Nxd4 Nf6 5.Nc3 a6 6.Be3 e5 7.Nb3 Be7 8.f3 Be6
9.Qd2 O-O 10.g4 d5 11.exd5 Nxd5 12.Nxd5 Bh4+ 13.Bf2 Bxf2+ 14.Qxf2 Qxd5 15.Rd1 Qc6
16.Bg2 Qc7 17.O-O Nd7 18.Rd2 Rac8 19.Qe3 Nb6 20.Rdf2 Nd5 21.Qe4 Nf4 22.Re1 f6
23.Rd2 b5 24.Bf1 Rfd8 25.Red1 Qb6+ 26.Kh1 Rxd2 27.Rxd2 Bc4 28.Qe1 Bd5 29.Bg2 a5
30.Nc1 Qe6 31.Qe3 e4 32.Bf1 exf3 33.Qxe6+ Bxe6 34.Bxb5 Bxg4 35.Kg1 Rc5 36.Bf1 g5
37.Kf2 Kf7 38.c4 Ne2 39.Bxe2 fxe2 40.Nxe2 Rxc4 41.Nd4 h5 42.Ke3 Rc5 43.b3 h4
44.a3 Rc1 45.b4 axb4 46.axb4 Rb1 47.b5 Bd7 48.Nc6 Bxc6 49.bxc6 Rc1  0-1

[Event "TCh-CZE Div1 Vychod 2012-13"]
[Site "Czech Republic CZE"]
[Date "2013.01.13"]
[Round "5.7"]
[White "Belohlavek,P"]
[Black "Kapusta,Pe"]
[Result "1-0"]
[WhiteElo "2155"]
[BlackElo "2152"]

1.e4 c5 2.Nf3 d6 3.d4 cxd4 4.Nxd4 Nf6 5.Nc3 a6 6.Be3 e5 7.Nf3 Be7 8.Bc4 O-O
9.O-O Bg4 10.Qe2 Nc6 11.h3 Bh5 12.a4 Rc8 13.Rfd1 Qc7 14.Ba2 Nb4 15.Bb3 b6
16.Bg5 Ne8 17.Bxe7 Qxe7 18.Nd5 Nxd5 19.Rxd5 Nc7 20.Rd2 Ne6 21.Bxe6 fxe6 22.g4 Bg6
23.Rad1 Rf4 24.Rxd6 Bxe4 25.Nxe5 Qg5 26.Nd3 Rcf8 27.Nxf4 Rxf4 28.Rxe6 Bg6
29.Re3 h5 30.Rg3 Re4 31.Qd2 Qe5 32.Qd5+ Qxd5 33.Rxd5 Re1+ 34.Kh2 h4 35.Re3 Rb1
36.Rd6 Bxc2 37.Rxb6 Bxa4 38.g5 Rf1 39.Kg2 Rc1 40.g6 Rc8 41.f4 Kf8 42.Kf3 Bd1+
43.Ke4 Re8+ 44.Kd4 Rd8+ 45.Kc5 a5 46.Rd6 Rc8+ 47.Kb6  1-0

[Event "68th ch-ARM w 2013"]
[Site "Yerevan ARM"]
[Date "2013.01.13"]
[Round "2.2"]
[White "Movsisian,N"]
[Black "Doluhanova,E"]
[Result "1/2-1/2"]
[WhiteElo "2040"]
[BlackElo "2289"]

1.e4 c5 2.Nf3 d6 3.d4 cxd4 4.Nxd4 Nf6 5.Nc3 a6 6.Be3 e5 7.Nf3 Be7 8.Bc4 O-O
9.O-O Nc6 10.Re1 b5 11.Bd5 Bb7 12.a3 Rc8 13.Qd2 Na5 14.Bxb7 Nxb7 15.Bg5 Nd7
16.Bxe7 Qxe7 17.Nd5 Qd8 18.a4 bxa4 19.Rxa4 a5 20.Ra3 Nf6 21.Nxf6+ Qxf6 22.Qd5 Qe7
23.Rc1 Rc5 24.Qd3 Rfc8 25.c3 R5c6 26.Qc2 Rb6 27.Nd2 Qe6 28.c4 Qd7 29.Nf1 Nc5
30.Nd2 a4 31.b3 axb3 32.Nxb3 Ne6 33.Rca1 g6 34.h3 Qc7 35.Nd2 Nd4 36.Qd3 Rb2
37.Ra8 Rxa8 38.Rxa8+ Kg7 39.Kh2 Qb7 40.Ra1 Qb4 41.Rd1 Rc2 42.Kh1 Qb2 43.Kh2 h5
44.Kh1 Qb4 45.Kh2 Rc3 46.Qf1 Qb2 47.Kh1 Qc2 48.Nb1 Rb3 49.Qe1 Rb2 50.Nd2 g5
51.Kg1 g4 52.hxg4 hxg4 53.Kh2 Rb8 54.Rb1 Rxb1 55.Nxb1 Qxc4 56.Qe3 Ne6 57.Nc3 Nf4
58.Nd5 Nxd5 59.Qg5+ Kh7 60.Qh5+ Kg8 61.Qg5+  1/2-1/2

[Event "Dvorkovich Mem 2013"]
[Site "Taganrog RUS"]
[Date "2013.01.15"]
[Round "1.28"]
[White "Kurayan,R"]
[Black "Dordzhieva,D"]
[Result "1-0"]
[WhiteElo "2388"]
[BlackElo "2040"]

1.e4 c5 2.Nf3 d6 3.d4 cxd4 4.Nxd4 Nf6 5.Nc3 a6 6.Be3 e6 7.Qd2 b5 8.f3 b4
9.Na4 Nbd7 10.O-O-O d5 11.exd5 Nxd5 12.Bc4 Bb7 13.Bg5 Qc7 14.Qe2 Nf4 15.Bxf4 Qxf4+
16.Kb1 Be7 17.Bxe6 fxe6 18.Nxe6 Qe5 19.Qxe5 Nxe5 20.Nc7+ Kf7 21.Nxa8 Bxa8
22.Rhe1 Ng6 23.Nb6 Bc6 24.Nc4 Kf6 25.Ne3 Bc5 26.Nd5+ Kf7 27.Nc7 a5 28.Ne6 Be7
29.Nd4 Rc8 30.Nf5 Rd8 31.Rxe7+ Nxe7 32.Rxd8 Nxf5 33.Rc8 Bd7 34.Ra8 a4 35.Rb8 Ne3
36.Rb7 Ke7 37.Rxb4 Nxg2 38.Rd4 g5 39.b4 axb3 40.axb3 Nh4 41.f4 g4 42.Rd5 Ng2
43.Rh5 Nxf4 44.Rxh7+ Kd6 45.Kb2 Ne2 46.Rg7 Nd4 47.c4 Bf5 48.Rg8 Be6 49.Rg6 Ke5
50.Kc3 Ne2+ 51.Kb4 Kf5 52.Rg7 Kf6 53.Rh7 g3 54.hxg3 Nxg3 55.Rh4 Nf5 56.Re4 Ke7
57.Kc5 Kd7 58.b4 Bg8 59.b5 Kc7 60.Re5 Bh7 61.Re6 Kd7 62.b6 Bg8 63.Re8 Bxc4
64.b7  1-0

[Event "PSC Cup 2013"]
[Site "Manila PHI"]
[Date "2013.01.17"]
[Round "5.21"]
[White "Mariano,N2"]
[Black "San Diego,Marie Antoinette"]
[Result "1-0"]
[WhiteElo "2251"]
[BlackElo "1923"]

1.e4 c5 2.Nf3 d6 3.d4 cxd4 4.Nxd4 Nf6 5.Nc3 a6 6.Be3 e6 7.Be2 Be7 8.O-O O-O
9.f4 Qc7 10.Qe1 b5 11.a3 Bb7 12.Bf3 Nbd7 13.Qg3 Nc5 14.f5 e5 15.Bh6 Ne8 16.Nde2 Kh8
17.Bg5 Bxg5 18.Qxg5 Nf6 19.Qh4 Rad8 20.Rad1 Rfe8 21.Ng3 Ncd7 22.Kh1 Nb6 23.Nh5 Nxh5
24.Bxh5 Rf8 25.f6 g6 26.Bg4 Bc8 27.Qh6 Rg8 28.Bxc8 Qxc8 29.Rd3 Nd7 30.Qxh7+ Kxh7
31.Rh3+  1-0

[Event "PSC Cup 2013"]
[Site "Manila PHI"]
[Date "2013.01.17"]
[Round "5.26"]
[White "Docena,Jerad"]
[Black "Polao,Ben"]
[Result "1/2-1/2"]
[WhiteElo "2021"]
[BlackElo "2091"]

1.e4 c5 2.Nf3 d6 3.d4 cxd4 4.Nxd4 Nf6 5.Nc3 a6 6.Be3 e6 7.Be2 Nc6 8.a4 Bd7
9.O-O Be7 10.f4 Qc7 11.Bf3 O-O 12.Qe2 Nxd4 13.Bxd4 Bc6 14.a5 Rac8 15.Kh1 Nd7
16.f5 Bf6 17.Bxf6 Nxf6 18.fxe6 fxe6 19.Qe3 Kh8 20.h3 h6 21.Rfd1 d5 22.exd5 exd5
23.Qd4 Rcd8 24.Ne2 Ne4 25.Kg1 Rde8 26.Ra3 Ng5 27.Bh5 Re4 28.Qc5 Rf6 29.Qc3 Qe7
30.Nd4 Kh7 31.Nf3 Ne6 32.Nd2 d4 33.Qg3 Ref4 34.Kh2 Qc5 35.Be2 g5 36.Rf1 Kg7
37.c4 Qb4 38.Rd3 Qxb2 39.Rb1 Qa2 40.Qe1 Qxa5 41.Nf3 Qxe1 42.Rxe1 Bxf3 43.Bxf3 Nc5
44.Rd2 d3 45.Rb2 Rxc4 46.Bxb7 Rc2 47.Rbb1 d2 48.Red1 Rd6 49.Bf3 a5 50.Rb8 Rc1
51.Rb5 Rxd1 52.Bxd1 Ne4 53.Rxa5 Nc3 54.Ra1 Re6 55.Bh5 Re1 56.Ra7+ Kf6 57.Rh7 Ke5
58.Bg4 d1=Q 59.Bxd1 Rxd1 60.Rxh6 Ne4 61.Rh8 Nf6 62.Ra8 Rd2 63.Kg3 Rd3+ 64.Kh2 Kf4
65.Rf8 Ke5 66.Kg1 Nd5 67.Kh2 Nf4 68.Rg8 Kf6 69.h4 gxh4 70.Rg4 Kf5 71.Rxh4 Rd2
72.Kg3  1/2-1/2

[Event "Dvorkovich Mem 2013"]
[Site "Taganrog RUS"]
[Date "2013.01.17"]
[Round "3.3"]
[White "Kurayan,R"]
[Black "Kokarev,Dm"]
[Result "1/2-1/2"]
[WhiteElo "2388"]
[BlackElo "2627"]

1.e4 c5 2.Nf3 d6 3.d4 cxd4 4.Nxd4 Nf6 5.Nc3 a6 6.Be3 e5 7.Nb3 Be7 8.Qd2 Ng4
9.Nd5 Nxe3 10.Nxe3 O-O 11.g3 Be6 12.Bg2 a5 13.O-O Nc6 14.Nc1 Qb6 15.c3 Bg5
16.f4 exf4 17.gxf4 Bh6 18.Kh1 Ne5 19.Ne2 Ng4 20.Nxg4 Bxg4 21.Nd4 g6 22.Qf2 Qd8
23.Qg3 Bd7 24.Nf5 Bxf5 25.exf5 Qf6 26.fxg6 fxg6 27.f5 Kh8 28.fxg6 Qxg6 29.Qxg6 hxg6
30.Rxf8+ Rxf8 31.Rf1 Rxf1+ 32.Bxf1 Bc1 33.b3 Bb2 34.c4 b6 35.Kg2 g5 36.Kg3 Kg7
37.Kg4 Kf6 38.Bg2 Be5 39.h4 gxh4 40.Kxh4 Kf5 41.Bc6  1/2-1/2

[Event "5th Chennai Open 2013"]
[Site "Chennai IND"]
[Date "2013.01.18"]
[Round "2"]
[White "Nitin,S"]
[Black "Harikrishna. S. R."]
[Result "1-0"]
[WhiteElo "2367"]
[BlackElo "2043"]

1.e4 c5 2.Nf3 d6 3.d4 cxd4 4.Nxd4 Nf6 5.Nc3 a6 6.Be3 e5 7.Nb3 Be6 8.h3 Nbd7
9.g4 Rc8 10.Qf3 Rxc3 11.bxc3 d5 12.Bg2 Nxe4 13.O-O h5 14.gxh5 Ndf6 15.c4 dxc4
16.Rfd1 Qc8 17.Nd2 Nd6 18.Nf1 Rxh5 19.Ng3 Rh8 20.Rab1 Be7 21.Rb6 e4 22.Qf4 Bxh3
23.Rbxd6 Bxg2 24.Kxg2 Qh3+ 25.Kg1  1-0

[Event "5th Chennai Open 2013"]
[Site "Chennai IND"]
[Date "2013.01.18"]
[Round "3"]
[White "Prasanna,Ra"]
[Black "Vignesh,NR"]
[Result "1-0"]
[WhiteElo "2419"]
[BlackElo "2188"]

1.e4 c5 2.Nf3 d6 3.d4 cxd4 4.Nxd4 Nf6 5.Nc3 a6 6.Be3 e5 7.Nf3 Be7 8.Bc4 Qc7
9.Bb3 O-O 10.O-O b6 11.Bg5 Bb7 12.Bxf6 Bxf6 13.Bd5 Nc6 14.Qe2 Rfe8 15.Rfd1 b5
16.Bb3 Na5 17.Nd5 Bxd5 18.Rxd5 Be7 19.c3 Rab8 20.Rad1 Rec8 21.Nxe5 Nxb3 22.axb3 dxe5
23.Rd7 Qc6 24.Rxe7 Re8 25.Red7 Qe6 26.R1d5 Rb6 27.h3 f6 28.Qd1 h6 29.R5d6 Rxd6
30.Rxd6 Qc8 31.Qd5+ Kh8 32.Rd7 Rg8 33.Kf1 Qe8 34.Rd6 a5 35.Rb6 b4 36.c4 Qh5
37.c5 Qg5 38.g3 Qc1+ 39.Kg2 Qxb2 40.c6 Qc2 41.Rb5 a4 42.bxa4 Rc8 43.Rc5 Qxa4
44.c7 Qe8 45.Qb7 Qd7 46.Qxb4 Kh7 47.Qb6 Qd3 48.Qc6 h5 49.Qd5 Qe2 50.Rc4 Qa2
51.Qe6 Qa8 52.Qf5+ Kg8 53.Qd7 Kh7 54.Qd5 Qa7 55.Qd7 Qb7 56.Kh2 Kh6 57.Rc6 Qb2
58.Kg2 Qb7 59.g4 hxg4 60.hxg4 Kg6 61.g5  1-0

[Event "5th Chennai Open 2013"]
[Site "Chennai IND"]
[Date "2013.01.18"]
[Round "3"]
[White "Wan Yunguo"]
[Black "Visakh,NR"]
[Result "1/2-1/2"]
[WhiteElo "2497"]
[BlackElo "2205"]

1.e4 c5 2.Nf3 d6 3.d4 cxd4 4.Nxd4 Nf6 5.Nc3 a6 6.Be3 e5 7.Nb3 Be6 8.Qd2 Be7
9.O-O-O Ng4 10.g3 Nxe3 11.Qxe3 Nd7 12.f4 b5 13.Kb1 Qb6 14.Qf3 Nf6 15.Nd5 Bxd5
16.exd5 O-O 17.Bd3 Rfe8 18.fxe5 dxe5 19.Rhe1 Bf8 20.g4 Rad8 21.g5 Nxd5 22.Bxh7+ Kxh7
23.Rxd5 Rxd5 24.Qxd5 Qe6 25.Qe4+ Qg6 26.Qh4+ Kg8 27.a3 e4 28.Re3 Re5 29.Rh3 f6
30.gxf6 Qxf6 31.Qe1 Qf4 32.Re3 Qxh2 33.Rxe4 Rxe4 34.Qxe4 Qd6 35.Nd4 Qf6 36.Nf3 g6
37.c3 Kg7 38.Kc2 g5 39.Kd3 Be7 40.Ke2 Bd6 41.Qb7+ Qe7+ 42.Qxe7+ Bxe7 43.Ke3 Kf6
44.Ke4 g4 45.Nd4 Kg5 46.Nf5 Bc5 47.Ng3 Kh4 48.Nf5+ Kg5 49.Ng3 Bd6 50.Ne2  1/2-1/2

[Event "5th Chennai Open 2013"]
[Site "Chennai IND"]
[Date "2013.01.18"]
[Round "5"]
[White "Wan Yunguo"]
[Black "Padmini,R"]
[Result "1-0"]
[WhiteElo "2497"]
[BlackElo "2288"]

1.e4 c5 2.Nf3 d6 3.d4 cxd4 4.Nxd4 Nf6 5.Nc3 a6 6.Be3 e5 7.Nb3 Be7 8.h3 Be6
9.Qf3 Nbd7 10.g4 h6 11.O-O-O Rc8 12.Nd5 Bxd5 13.exd5 Nb6 14.h4 Qc7 15.c3 Nbxd5
16.Bd2 Nb6 17.g5 Nfd7 18.gxh6 gxh6 19.Kb1 Qc6 20.Qh3 Nc4 21.Bc1 b5 22.Bg2 Qc7
23.Qf5 Nf6 24.Bh3 Rd8 25.Rhg1 Qd7 26.Qf3 Qc7 27.Rde1 Kf8 28.Qg2 Ke8 29.Bf5 Rg8
30.Qh3 Rxg1 31.Rxg1 Bf8 32.Re1 Rb8 33.Bd3 b4 34.Qf3 Nd7 35.cxb4 Rxb4 36.Be4 a5
37.a3 Rb8 38.Bd5 f6 39.Nd4 Rxb2+ 40.Ka1 Qb6 41.Qh5+ Kd8 42.Ne6+ Ke7 43.Bxc4 Rxf2
44.Qg6 d5 45.Bxd5 Nc5 46.Qh7+ Ke8 47.Nxf8 Nb3+ 48.Bxb3 Qxb3 49.Qd7+ Kxf8
50.Bxh6+  1-0

[Event "ch-BLR w 2013"]
[Site "Minsk BLR"]
[Date "2013.01.18"]
[Round "9.4"]
[White "Nevioselaya,M"]
[Black "Ziaziulkina,N"]
[Result "1-0"]
[WhiteElo "2065"]
[BlackElo "2364"]

1.e4 c5 2.Nf3 d6 3.d4 cxd4 4.Nxd4 Nf6 5.Nc3 a6 6.Be3 e6 7.Bd3 b5 8.a3 Bb7
9.O-O Be7 10.f4 Nbd7 11.Qf3 Nc5 12.Qg3 O-O 13.Qh3 Kh8 14.e5 dxe5 15.fxe5 Nxd3
16.exf6 Bxf6 17.Rxf6 Qxf6 18.cxd3 Rad8 19.Rf1 Qg6 20.Nde2 e5 21.d4 Rfe8 22.dxe5 Rxe5
23.Nf4 Qc6 24.Rf2 Rde8 25.Bd4 Rg5 26.Re2 Rxe2 27.Ncxe2 Qe4 28.Kf2 Rf5 29.Qf3 Qxf3+
30.gxf3 Kg8 31.h4 f6 32.h5 Kf7 33.Ke3 Rg5 34.Nc3 f5 35.Kf2 Bc6 36.Nce2 g6
37.hxg6+ Kg8 38.Bf6 Rxg6 39.Nxg6 hxg6 40.Nd4  1-0

[Event "Dvorkovich Mem 2013"]
[Site "Taganrog RUS"]
[Date "2013.01.18"]
[Round "4.28"]
[White "Golubov,Saveliy"]
[Black "Dordzhieva,D"]
[Result "1/2-1/2"]
[WhiteElo "2227"]
[BlackElo "2040"]

1.e4 c5 2.Nf3 d6 3.d4 Nf6 4.Nc3 cxd4 5.Nxd4 a6 6.Be3 e6 7.f3 b5 8.Qd2 b4
9.Na4 Nbd7 10.c4 bxc3 11.Nxc3 Bb7 12.Be2 Be7 13.O-O O-O 14.Rac1 Qb8 15.Rfd1 Rc8
16.Nb3 a5 17.Bf4 a4 18.Nd4 Nh5 19.Be3 Nhf6 20.Ndb5 d5 21.exd5 Bxd5 22.Nxd5 Nxd5
23.Rxc8+ Qxc8 24.Bf2 Bc5 25.Rc1 Bxf2+ 26.Kxf2 Qd8 27.g3 Rc8 28.Nc3 N7b6 29.Qd4 g6
30.Rd1 Qc7 31.Nxd5 Nxd5 32.Qxa4 Qb6+ 33.Qd4 Qxd4+ 34.Rxd4 Rc2 35.Ke1 Rxb2
36.Rd2 Rb4 37.a3 Rb1+ 38.Rd1 Rb2 39.Rd2 Rb1+ 40.Kf2 Rh1 41.Kg2 Rc1 42.f4 Kg7
43.Bf3 Ra1 44.Rd3 Ra2+ 45.Kg1 h6 46.h3 Kf6 47.Bxd5 exd5 48.Rxd5 Rxa3 49.Kf2 h5  1/2-1/2